Big Cats - Statistics

General Stats
  • This quiz has been taken 26 times
  • The average score is 6 of 7
Answer Stats
Answer % Correct
Couger
100%
Lion
100%
Tiger
100%
Cheetah
91%
Leopard
91%
Jaguar
77%
Snow Leopard
41%
No matching quizzes found
Score Distribution
Percent of People with Each Score
Percentile by Number Answered
Your Score History
You have not taken this quiz